[Event "CRO-chT"]
[Site "Porec"]
[Date "1998.09.05"]
[Round "1"]
[White "Kurajica, Bojan"]
[Black "Palac, Mladen"]
[Result "0-1"]
[WhiteElo "2570"]
[BlackElo "2560"]
[PlyCount "78"]
[EventDate "1998.09.??"]
[Source "www.chesslib.no"]
[SourceDate "2004.05.04"]

1. d4 Nf6 2. Nf3 g6 3. c4 Bg7 4. g3 c5 5. Bg2 Qa5+ 6. Bd2 Qb6 7. dxc5 Qxc5 8. Qb3 Ne4 9. Be3 Qa5+ 10. Nbd2 Nc6 11. O-O Nd6 12. c5 Nf5 13. Nc4 Qa6 14. Ng5 O-O 15. Bd5 Nfd4 16. Bxd4 Nxd4 17. Qd3 Rb8 18. a4 b6 19. cxb6 e6 20. bxa7 Qxa7 21. Nd6 exd5 22. Nxc8 Rfxc8 23. e3 Ne6 24. Nf3 Bxb2 25. Ra2 d4 26. exd4 Bxd4 27. Rd1 Rc3 28. Qe4 Bf6 29. a5 Qb7 30. Qxb7 Rxb7 31. Kg2 Rc6 32. Rad2 Nc5 33. Rd5 Ra7 34. Rc1 Rxa5 35. Rxd7 Nxd7 36. Rxc6 Kg7 37. h4 Ne5 38. Nxe5 Bxe5 39. Rc2 Rb5 0-1

[Event "EU-ch 2nd playoff g15'"]
[Site "Ohrid"]
[Date "2001.06.15"]
[Round "2.2"]
[White "Atalik, Suat"]
[Black "Iordachescu, Viorel"]
[Result "0-1"]
[WhiteElo "2537"]
[BlackElo "2589"]
[PlyCount "104"]
[EventDate "2001.06.15"]
[Source "ChessBase"]
[SourceDate "2001.09.13"]

1. d4 Nf6 2. c4 g6 3. Nf3 Bg7 4. g3 O-O 5. Bg2 d6 6. O-O c6 7. b3 Nbd7 8. Nc3 e5 9. e4 Qe7 10. Bb2 Ne8 11. Re1 Nc7 12. d5 c5 13. Bc1 f5 14. exf5 gxf5 15. Bg5 Qf7 16. Qd2 Nf6 17. Bh6 Bd7 18. Bxg7 Kxg7 19. Ng5 Qe7 20. f4 e4 21. Nd1 h6 22. Nh3 Kh8 23. Ne3 Rg8 24. b4 cxb4 25. c5 a5 26. Nc4 dxc5 27. d6 Qe6 28. Ne5 Nb5 29. Bf1 Na3 30. Rac1 Rac8 31. Nc4 b5 32. Nxa5 Kh7 33. Red1 Ng4 34. Be2 Rg6 35. Bxg4 Rxg4 36. Qe2 c4 37. Qb2 e3 38. Qxb4 e2 39. Re1 Qe3+ 40. Kg2 Rcg8 41. Ng5+ hxg5 42. Rc3 Qe4+ 43. Kf2 Nc2 44. Rxc2 Qxc2 45. Rxe2 Qd3 46. Re3 Qd4 47. Nb3 Qd5 48. Re7+ Rg7 49. Rxg7+ Kxg7 50. Nc5 Qd4+ 51. Ke2 gxf4 52. Nxd7 fxg3 0-1

[Event "VIII Open"]
[Site "Tarragona SPA"]
[Date "2007.08.25"]
[Round "8"]
[White "Delchev, A."]
[Black "Movsziszian, K."]
[Result "1-0"]
[WhiteElo "2591"]
[BlackElo "2534"]
[PlyCount "77"]
[EventDate "2007.08.18"]
[Source "www.chesslib.no"]
[SourceDate "2004.05.04"]

1. d4 Nf6 2. c4 g6 3. Nf3 Bg7 4. g3 O-O 5. Bg2 d6 6. O-O Nbd7 7. Qc2 e5 8. Rd1 Re8 9. e4 c6 10. Nc3 exd4 11. Nxd4 Qb6 12. h3 Nc5 13. Be3 Qc7 14. b4 Ne6 15. Nb3 Nd7 16. Rac1 Ne5 17. Ne2 f6 18. f4 Nf7 19. Nc3 Qe7 20. Qf2 b6 21. a4 Nc7 22. c5 Be6 23. Nd4 Bd7 24. cxd6 Nxd6 25. e5 fxe5 26. Nxc6 Bxc6 27. Bxc6 Nf5 28. Rd7 Qxb4 29. Rxc7 Nxe3 30. Qxe3 exf4 31. Qxf4 Qxf4 32. Rxg7+ Kxg7 33. gxf4 Kh6 34. Kf2 Rac8 35. Bxe8 Rxe8 36. Kf3 Rd8 37. Ne4 Kh5 38. Rc7 h6 39. Rh7 1-0

[Event "Commonwealth Ch"]
[Site "Mumbai"]
[Date "2003.04.23"]
[Round "6"]
[White "Vladimirov, Evgeny"]
[Black "Safin, Shukhrat"]
[Result "1-0"]
[WhiteElo "2597"]
[BlackElo "2523"]
[PlyCount "77"]
[EventDate "2003.04.20"]
[Source "Roberto Alvarez"]
[SourceDate "2003.04.28"]

1. d4 Nf6 2. c4 g6 3. Nf3 Bg7 4. g3 c5 5. Bg2 Qa5+ 6. Bd2 Qb6 7. dxc5 Qxc5 8. Qb3 Nc6 9. O-O O-O 10. Be3 Qh5 11. h3 d6 12. Ng5 h6 13. Bf3 Nd4 14. Bxd4 Qxg5 15. h4 Qa5 16. Nc3 Rb8 17. Bxf6 exf6 18. Rfd1 Be6 19. Rxd6 f5 20. Rad1 Qc5 21. Na4 Qc7 22. Qe3 Bxc4 23. b3 Bb5 24. Qxa7 Be5 25. R6d5 Bc6 26. Rc5 Bxg3 27. Bxc6 Qf4 28. Rc4 Bh2+ 29. Kg2 Qe5 30. Bf3 b5 31. Rc5 Qf4 32. Nb6 Qxh4 33. Rh1 Qd4 34. Rd5 Qf6 35. Nd7 Qg5+ 36. Kxh2 Qf4+ 37. Kg2 Qg5+ 38. Kh3 Rbe8 39. Qd4 1-0

[Event "ch-CRO"]
[Site "Zagreb"]
[Date "2004.11.26"]
[Round "11"]
[White "Jankovic, Alojzije"]
[Black "Kozul, Zdenko"]
[Result "1/2-1/2"]
[WhiteElo "2477"]
[BlackElo "2640"]
[PlyCount "119"]
[EventDate "2004.11.16"]
[Source "Roberto Alvarez"]
[SourceDate "2004.11.29"]

1. d4 Nf6 2. Nf3 g6 3. c4 Bg7 4. g3 e6 5. Bg2 d5 6. O-O O-O 7. Nc3 Nbd7 8. Bf4 c6 9. Qc2 b6 10. cxd5 exd5 11. e4 dxe4 12. Nxe4 Nxe4 13. Qxe4 Bb7 14. Bg5 Qc7 15. Rfe1 c5 16. Qe7 Rac8 17. Rac1 h6 18. Bf4 Qd8 19. Qd6 cxd4 20. Rxc8 Qxc8 21. Nxd4 Bxg2 22. Kxg2 Qa8+ 23. Kg1 Re8 24. Rxe8+ Qxe8 25. Be3 Ne5 26. Qd5 Ng4 27. Bd2 Nf6 28. Qc6 Qe5 29. Bc3 Ne4 30. Ne2 Qf5 31. Nf4 Bxc3 32. bxc3 g5 33. Qd5 Qxd5 34. Nxd5 f5 35. f3 Nd6 36. Kf2 Kf7 37. Ke3 Ke6 38. Nc7+ Kd7 39. Nd5 Ne8 40. Kd4 Kd6 41. Ne3 Ke6 42. c4 Ng7 43. a4 Kd6 44. f4 g4 45. Kd3 Kc5 46. Kc3 a5 47. Kd3 Kb4 48. Nd5+ Kxa4 49. Kc3 Ka3 50. Nxb6 Ne6 51. Nd7 a4 52. c5 Ka2 53. c6 a3 54. Ne5 Kb1 55. Nc4 a2 56. Nd2+ Kc1 57. Nb3+ Kb1 58. Nd2+ Kc1 59. Nb3+ Kb1 60. Nd2+ 1/2-1/2

[Event "Wien (open)"]
[Site "?"]
[Date "1991.??.??"]
[Round "?"]
[White "Pigusov, E."]
[Black "Kengis, E."]
[Result "1/2-1/2"]
[WhiteElo "2540"]
[BlackElo "2575"]
[PlyCount "46"]
[EventDate "1991.??.??"]
[Source "ChessBase"]
[SourceDate "1991.10.01"]

1. Nf3 Nf6 2. c4 g6 3. d4 Bg7 4. g3 d6 5. Bg2 Bd7 6. Nc3 Nc6 7. O-O a6 8. h3 O-O 9. e4 e5 10. d5 Nd4 11. Nxd4 exd4 12. Qxd4 Qc8 13. h4 Ng4 14. Qd2 b5 15. cxb5 axb5 16. Ne2 Qb7 17. Qc2 b4 18. Bf4 Rxa2 19. Rxa2 b3 20. Ra7 Qxa7 21. Qxb3 Rb8 22. Qa3 Qb6 23. b4 Qxb4 1/2-1/2

[Event "Nice ol (Men)"]
[Site "Nice FRA"]
[Date "1974.??.??"]
[Round "9"]
[White "Petrosian, Tigran V"]
[Black "Bilek, Istvan"]
[Result "1/2-1/2"]
[WhiteElo "2640"]
[BlackElo "2475"]
[PlyCount "29"]
[EventDate "1974.06.06"]
[Source "www.chesslib.no"]
[SourceDate "2004.05.04"]

1. d4 Nf6 2. Nf3 g6 3. c4 Bg7 4. g3 c6 5. Bg2 a6 6. a4 a5 7. Nc3 d6 8. O-O Na6 9. h3 O-O 10. e4 Nd7 11. Bg5 Re8 12. Re1 Qc7 13. Re2 Nb4 14. Rc1 e5 15. Rd2 1/2-1/2

[Event "Mar del Plata ARG"]
[Site "Mar del Plata ARG"]
[Date "1971.??.??"]
[Round "?"]
[White "Gheorghiu, Florin"]
[Black "Panno, Oscar R"]
[Result "1/2-1/2"]
[WhiteElo "2540"]
[BlackElo "2570"]
[PlyCount "22"]
[EventDate "1971.??.??"]
[Source "www.chesslib.no"]
[SourceDate "2004.05.04"]

1. d4 Nf6 2. Nf3 g6 3. c4 Bg7 4. g3 O-O 5. Bg2 d6 6. O-O Nbd7 7. b3 e5 8. dxe5 dxe5 9. Bb2 e4 10. h3 Re8 11. Nc3 h6 1/2-1/2

[Event "Lasker mem op"]
[Site "Barlinek"]
[Date "2002.07.24"]
[Round "6"]
[White "Malaniuk, Vladimir P"]
[Black "Socko, Bartosz"]
[Result "1/2-1/2"]
[WhiteElo "2547"]
[BlackElo "2562"]
[PlyCount "22"]
[EventDate "2002.07.19"]
[Source "ChessBase"]
[SourceDate "2002.09.11"]

1. d4 Nf6 2. Nf3 g6 3. c4 Bg7 4. g3 O-O 5. Bg2 d6 6. O-O a6 7. Nc3 Nbd7 8. d5 e5 9. dxe6 fxe6 10. Be3 Kh8 11. Qd2 Ng4 1/2-1/2

[Event "XI Festival"]
[Site "Voronezh RUS"]
[Date "2007.06.20"]
[Round "8"]
[White "Burmakin, V."]
[Black "Danin, A."]
[Result "1-0"]
[WhiteElo "2593"]
[BlackElo "2513"]
[PlyCount "44"]
[EventDate "2007.06.12"]
[Source "www.chesslib.no"]
[SourceDate "2004.05.04"]

1. d4 Nf6 2. Nf3 g6 3. c4 Bg7 4. Nbd2 d5 5. cxd5 Nxd5 6. e4 Nb6 7. Nb3 O-O 8. Be2 f5 9. exf5 Bxf5 10. O-O Nc6 11. Be3 Qd5 12. Rc1 Rad8 13. Rc5 Qd7 14. Qc1 Be6 15. Rg5 Bf5 16. h4 Qc8 17. h5 Nb4 18. hxg6 hxg6 19. Nh4 Bf6 20. Nxf5 Bxg5 21. Bxg5 Rxf5 22. Bg4 Rxd4 1-0

[Event "It (Open) Zadar CRO"]
[Site "?"]
[Date "2005.12.15"]
[Round "5"]
[White "Drasko Milan"]
[Black "Kozul Zdenko"]
[Result "1/2-1/2"]
[WhiteElo "2528"]
[BlackElo "2576"]
[PlyCount "23"]
[EventDate "2005.??.??"]
[Source "www.chesslib.no"]
[SourceDate "2004.05.04"]

1. d4 Nf6 2. c4 g6 3. Nf3 Bg7 4. g3 c6 5. Nc3 d5 6. cxd5 cxd5 7. Ne5 Nfd7 8. f4 e6 9. Bg2 Nc6 10. O-O Qb6 11. e3 O-O 12. b3 1/2-1/2

[Event "Helsinki op"]
[Site "Helsinki"]
[Date "1992.??.??"]
[Round "7"]
[White "Baburin, Alexander"]
[Black "Kovalev, Andrei"]
[Result "1/2-1/2"]
[WhiteElo "2520"]
[BlackElo "2580"]
[PlyCount "87"]
[EventDate "1992.09.??"]
[Source "ChessBase"]

1. d4 Nf6 2. c4 g6 3. Nf3 Bg7 4. g3 O-O 5. Bg2 d6 6. O-O Nbd7 7. Qc2 e5 8. Rd1 Re8 9. e4 exd4 10. Nxd4 Nc5 11. Nc3 Qe7 12. f3 c6 13. Be3 Nfd7 14. Bf2 Ne5 15. b3 a5 16. h3 a4 17. Rab1 axb3 18. axb3 h5 19. f4 Ned7 20. b4 Ne6 21. Nde2 h4 22. gxh4 Bh6 23. Bg3 Ng7 24. Qd3 Nh5 25. Bh2 Qxh4 26. Qxd6 Nf8 27. f5 Be3+ 28. Kh1 gxf5 29. Ng3 Bf4 30. Nxf5 Bxf5 31. Bxf4 Nxf4 32. exf5 Re3 33. Rd4 Rxh3+ 34. Kg1 Rxc3 35. Qxf4 Qf6 36. Qg4+ Qg7 37. f6 Qxg4 38. Rxg4+ Ng6 39. b5 Rc8 40. Rd1 cxb5 41. cxb5 Rc1 42. Rxc1 Rxc1+ 43. Kf2 Rc5 44. Bxb7 1/2-1/2

[Event "Bad Zwesten op 1st"]
[Site "Bad Zwesten"]
[Date "1997.??.??"]
[Round "7"]
[White "Bagaturov, Giorgi"]
[Black "Glek, Igor V"]
[Result "1/2-1/2"]
[WhiteElo "2475"]
[BlackElo "2620"]
[PlyCount "98"]
[EventDate "1997.01.02"]
[Source "ChessBase"]

1. d4 Nf6 2. c4 g6 3. Nf3 Bg7 4. g3 c6 5. Nc3 d5 6. cxd5 cxd5 7. Ne5 Nc6 8. Nxc6 bxc6 9. Bg2 O-O 10. O-O e5 11. dxe5 Ng4 12. Bf4 g5 13. Bd2 Nxe5 14. b3 f5 15. Qc1 h6 16. Na4 Qe8 17. Nc5 f4 18. gxf4 Ng6 19. fxg5 Nh4 20. gxh6 Bxa1 21. Qxa1 Qg6 22. Qg7+ Qxg7 23. hxg7 Kxg7 24. Bg5 Rh8 25. Bf4 Kf7 26. Rc1 Nxg2 27. Kxg2 Bh3+ 28. Kf3 Rhg8 29. Nd3 Rae8 30. Ne5+ Kf6 31. Rxc6+ Kf5 32. e4+ dxe4+ 33. Ke3 Rxe5 34. Bxe5 Kxe5 35. Rc5+ Kd6 36. Ra5 Bg2 37. Rxa7 Rh8 38. Ra6+ Kc5 39. Ra5+ Kb6 40. Ra8 Rxh2 41. a4 Bh1 42. b4 Rh3+ 43. Kd4 Rd3+ 44. Kc4 Rd2 45. a5+ Kc7 46. b5 Rc2+ 47. Kd4 Rd2+ 48. Kc5 Rc2+ 49. Kd4 Rd2+ 1/2-1/2

[Event "Skanska Open"]
[Site "Pardubice"]
[Date "2004.07.29"]
[Round "7"]
[White "Borovikov, Vladislav"]
[Black "Khairullin, Ildar"]
[Result "1/2-1/2"]
[WhiteElo "2587"]
[BlackElo "2501"]
[PlyCount "44"]
[EventDate "2004.07.23"]
[Source "Roberto Alvarez"]
[SourceDate "2004.08.10"]

1. d4 Nf6 2. Nf3 g6 3. c4 Bg7 4. g3 O-O 5. Bg2 d6 6. O-O Nc6 7. d5 Na5 8. Nbd2 c5 9. Ne1 b5 10. cxb5 Rb8 11. Rb1 Rxb5 12. Nc2 e6 13. b4 cxb4 14. dxe6 Bxe6 15. Nd4 Rh5 16. Nxe6 fxe6 17. Rxb4 Nd5 18. Bxd5 Rxd5 19. e4 Rh5 20. Nf3 Qd7 21. Kg2 Rc5 22. Bf4 d5 1/2-1/2

[Event "2nd Saipa Cup"]
[Site "Tehran"]
[Date "2004.09.17"]
[Round "7"]
[White "Neverov, Valeriy"]
[Black "Iuldachev, Saidali"]
[Result "1/2-1/2"]
[WhiteElo "2537"]
[BlackElo "2550"]
[PlyCount "118"]
[EventDate "2004.09.13"]
[Source "Roberto Alvarez"]
[SourceDate "2004.10.05"]

1. d4 Nf6 2. c4 g6 3. Nf3 Bg7 4. g3 O-O 5. Bg2 d6 6. O-O Nbd7 7. Qc2 e5 8. Rd1 Qe7 9. Nc3 c6 10. b3 Re8 11. e3 Nf8 12. dxe5 dxe5 13. a4 Bf5 14. e4 Bg4 15. Ba3 Qe6 16. a5 Qc8 17. Rd3 Bxf3 18. Rxf3 Ne6 19. Ne2 Qc7 20. b4 c5 21. Rb1 Rac8 22. h4 h5 23. Bh3 cxb4 24. Bxb4 Qc6 25. Ba3 Nxe4 26. Bg2 f5 27. Re3 Nd4 28. Qd3 Qxc4 29. Bxe4 fxe4 30. Qxe4 Nf5 31. Rxb7 Red8 32. Rxg7+ Nxg7 33. Qxg6 Rd1+ 34. Kg2 Qd5+ 35. Qe4 Nf5 36. Qxd5+ Rxd5 37. Re4 Rc2 38. Bb4 Kf7 39. a6 Kf6 40. Bc3 Nd6 41. Re3 Nb5 42. Nf4 Rc5 43. Ba1 Nd4 44. Bxd4 exd4 45. Re6+ Kf7 46. Rd6 Rd2 47. Rd7+ Kf6 48. Rxa7 Rcc2 49. Kf3 Rxf2+ 50. Ke4 d3 51. Kxd3 Ra2 52. Ke3 Rfb2 53. Nxh5+ Ke5 54. Re7+ Kf5 55. Rd7 Rb3+ 56. Rd3 Rxd3+ 57. Kxd3 Rxa6 58. Nf4 Ra3+ 59. Kd4 Rxg3 1/2-1/2

[Event "MK Cafe Cup-A"]
[Site "Koszalin"]
[Date "1999.08.13"]
[Round "10"]
[White "Burmakin, Vladimir"]
[Black "Nikolaidis, Ioannis"]
[Result "1/2-1/2"]
[WhiteElo "2579"]
[BlackElo "2505"]
[PlyCount "63"]
[EventDate "1999.08.03"]
[Source "ChessBase"]
[SourceDate "1999.12.01"]

1. d4 Nf6 2. Nf3 g6 3. c4 Bg7 4. g3 c5 5. d5 b5 6. cxb5 a6 7. bxa6 O-O 8. Nc3 d6 9. Bg2 Bf5 10. O-O Ne4 11. Nxe4 Bxe4 12. Nd2 Bxg2 13. Kxg2 Nd7 14. Rb1 Qa5 15. a3 Qxa6 16. b3 Rfb8 17. e4 Qd3 18. f4 Nb6 19. Rf3 Qa6 20. Qc2 Rb7 21. Qd3 Qxd3 22. Rxd3 f5 23. Kf3 fxe4+ 24. Kxe4 Kf7 25. Rf3 Nd7 26. Kd3 Nf6 27. Kc4 Nd7 28. Kd3 Nb6 29. Ke4 Nd7 30. Kd3 Nf6 31. Kc4 Nd7 32. Kd3 1/2-1/2

[Event "Iona Tech Masters"]
[Site "Kilkenny"]
[Date "1998.11.29"]
[Round "5"]
[White "Baburin, Alexander"]
[Black "Conquest, Stuart"]
[Result "1-0"]
[WhiteElo "2590"]
[BlackElo "2490"]
[PlyCount "71"]
[EventDate "1998.11.27"]
[Source "ChessBase"]
[SourceDate "1999.01.01"]

1. d4 Nf6 2. c4 g6 3. Nf3 Bg7 4. g3 O-O 5. Bg2 d6 6. O-O Bf5 7. b3 Qc8 8. Bb2 Bh3 9. Nc3 Bxg2 10. Kxg2 c5 11. e4 Rd8 12. Re1 Nfd7 13. d5 Na6 14. h4 h5 15. Rb1 Nc7 16. a4 a6 17. a5 Rb8 18. Na4 Bxb2 19. Nxb2 b6 20. axb6 Rxb6 21. Na4 Rb8 22. e5 dxe5 23. Nxe5 Nxe5 24. Rxe5 e6 25. Qf3 Rd6 26. Rbe1 Qf8 27. Nxc5 exd5 28. cxd5 Re8 29. b4 Rdd8 30. Rxe8 Nxe8 31. Nxa6 Qd6 32. Nc5 Rb8 33. Re4 Nc7 34. Rd4 Nb5 35. Rd3 Re8 36. Ne4 1-0

[Event "tt"]
[Site "Erfurt tt"]
[Date "1991.??.??"]
[Round "1"]
[White "Hulak, Krunoslav"]
[Black "Wahls, Matthias"]
[Result "1/2-1/2"]
[WhiteElo "2520"]
[BlackElo "2560"]
[PlyCount "64"]
[EventDate "1991.??.??"]
[Source "www.chesslib.no"]
[SourceDate "2004.05.04"]

1. d4 Nf6 2. Nf3 g6 3. c4 Bg7 4. g3 c5 5. d5 e6 6. Bg2 exd5 7. cxd5 d6 8. O-O O-O 9. a4 Ne4 10. Nbd2 Nxd2 11. Nxd2 Nd7 12. Rb1 Re8 13. b3 Nf6 14. e4 a6 15. b4 c4 16. Bb2 b5 17. h3 Bd7 18. Re1 Qc8 19. Qf3 Nh5 20. Bxg7 Nxg7 21. Kh2 Ra7 22. Rbc1 Qd8 23. Qe3 Rb7 24. a5 g5 25. f4 gxf4 26. Qxf4 Qe7 27. Qh6 f6 28. Red1 Rf8 29. Bf1 Be8 30. Rc2 Bg6 31. Rcc1 Qe8 32. Kg1 Qe5 1/2-1/2

[Event "GER CupT"]
[Site "GER"]
[Date "1991.??.??"]
[Round "?"]
[White "Hulak, Krunoslav"]
[Black "Wahls, Matthias"]
[Result "1/2-1/2"]
[WhiteElo "2520"]
[BlackElo "2560"]
[PlyCount "102"]
[EventDate "1991.??.??"]
[Source "www.chesslib.no"]
[SourceDate "2004.05.04"]

1. d4 Nf6 2. Nf3 g6 3. c4 Bg7 4. g3 c5 5. d5 e6 6. Bg2 exd5 7. cxd5 d6 8. O-O O-O 9. a4 Ne4 10. Nbd2 Nxd2 11. Nxd2 Nd7 12. Rb1 Re8 13. b3 Nf6 14. e4 a6 15. b4 c4 16. Bb2 b5 17. h3 Bd7 18. Re1 Qc8 19. Qf3 Nh5 20. Bxg7 Nxg7 21. Kh2 Ra7 22. Rbc1 Qd8 23. Qe3 Rb7 24. a5 g5 25. f4 gxf4 26. Qxf4 Qe7 27. Qh6 f6 28. Rf1 Rf8 29. Rf2 Be8 30. Re1 Bg6 31. Nf3 Qe8 32. Nd4 Qe5 33. Qd2 Rbf7 34. h4 Qe8 35. Nc6 Qd7 36. Bh3 Qe8 37. Bg4 Bh5 38. Bh3 Bg6 39. Qf4 f5 40. e5 dxe5 41. Rxe5 Qd7 42. Bg2 Nh5 43. Qg5 Nf6 44. Kg1 Rg7 45. Re6 h6 46. Qf4 Bh7 47. Bf3 c3 48. Qe5 Qf7 49. Ne7+ Kh8 50. Nxf5 c2 51. Rc6 Re8 1/2-1/2